000 00490nam a2200193Ia 4500
005 20240404025649.0
008 240331s9999 xx 000 0 und d
020 _a818721824X
082 _bREL
_a331
245 0 _aRelavance of communist manifesto
260 _aNew Delhi :
_bIndian Social Institute /
_c2000.
300 _a114 p.,
650 _aWomen
650 _aGender
650 _aHuman Rights
700 _aPinto, Ambrose
_eedt
700 _aChakraborty, Somen
_eedt
942 _cL
999 _c2599
_d2599